000 00451cam a2200181ua 4500
003 OSt
008 250909b |||||||| |||| 00| 0 eng d
020 _a0 09 143161 1
041 _aeng
082 _a629.2
_bHIL/FU
100 _aHiller, V AM .
_97835
245 _aFundamentals of motor vehicle technology /
250 _a3 /
260 _aLondon :
_bHutchinson ,
_c1984.
300 _a471 ; .
700 1 _aPittuck, F .
_97836
942 _cBK
999 _c7489
_d7489